000 00468nam a2200157Ia 4500
999 _c19386
_d19386
003 OSt
005 20200619101859.0
008 190216s9999||||xx |||||||||||||| ||und||
040 _coclc
082 _a954
_bPAN/D
100 _a Pande, G C
_93064
245 0 _aDimensions Of Ancient Indian Social History /
_cG C Pande
260 _bBooks And Books Publishers,
_c1984.
_aNew Delhi:
300 _a287p
942 _cBK
_2ddc
_h954
_iPAN/D
_k954
_mPAN/D